[Event "Olomouc Chess Summer 2025 - B1"]
[Site "Olomouc (CZE), Hotel Flora"]
[Date "2025.08.19"]
[Round "4"]
[Board "4"]
[White "Dziewonski, Dariusz"]
[Black "Winter, Ondrej"]
[Result "1/2-1/2"]
[WhiteElo "2256"]
[BlackElo "2274"]
[PlyCount "0"]
[EventDate "2025.08.17"]
[EventRounds "9"]
[EventCountry "CZE"]

1. e4 c5 2. Nf3 Nc6 3. Bb5 g6 4. O-O Bg7 5. c3 Nf6 6. Re1 O-O 7. h3 d6 8. d4 cxd4
9. cxd4 a6 10. Bf1 Bd7 11. Nc3 Rc8 12. Be3 b5 13. a3 Na5 14. e5 Ne8 15. Bg5 dxe5
16. dxe5 Nc7 17. Nd5 Nxd5 18. Qxd5 Nc6 19. Nd4 Nxd4 20. Qxd4 h6 21. Bd2 Bc6 22. Qxd8
Rfxd8 23. Bb4 e6 24. Rac1 Bd5 25. Ba5 Re8 26. Bc7 Bf8 27. b4 Bc4 28. Bxc4 Rxc7 29.
Bd3 Rec8 30. Rxc7 Rxc7 31. Be4 Ra7 32. Bc6 Rc7 33. Be4 Ra7  1/2-1/2

[Event "Olomouc Chess Summer 2025 - B1"]
[Site "Olomouc (CZE), Hotel Flora"]
[Date "2025.08.19"]
[Round "4"]
[Board "5"]
[White "Manko, Mariia"]
[Black "Delgerdalai, Bayarjavkhlan"]
[Result "1/2-1/2"]
[WhiteElo "2332"]
[BlackElo "2380"]
[PlyCount "0"]
[EventDate "2025.08.17"]
[EventRounds "9"]
[EventCountry "CZE"]

1. d4 Nf6 2. c4 e6 3. Nf3 d5 4. g3 dxc4 5. Bg2 Nc6 6. Qa4 Bb4+ 7. Bd2 Nd5 8. Bxb4
Ndxb4 9. O-O Rb8 10. Nc3 a6 11. Ne5 O-O 12. Nxc6 Nxc6 13. Bxc6 bxc6 14. Qxc4 Rxb2
15. Rab1 Rd2 16. Rfd1 Rxd1+ 17. Rxd1 Qd6 18. Ne4 Qd5 19. Qxd5 cxd5 20. Nc5 f6 21.
Rd3 Kf7 22. e3 Rd8 23. Rb3 e5 24. Rb8 Re8 25. f3 exd4 26. exd4 a5 27. Kf2 Bf5 28.
Rb7 Re7 29. Ra7 Bc2 30. Rb7 h5 31. a4 g5 32. Rb2 Bf5 33. Rb5 Bc2 34. Rb2 Bf5 35.
Rb5 Bc2 36. Rb2  1/2-1/2

[Event "Olomouc Chess Summer 2025 - B1"]
[Site "Olomouc (CZE), Hotel Flora"]
[Date "2025.08.20"]
[Round "5"]
[Board "1"]
[White "Delgerdalai, Bayarjavkhlan"]
[Black "Cherniack, Alex"]
[Result "1-0"]
[WhiteElo "2380"]
[BlackElo "2175"]
[PlyCount "0"]
[EventDate "2025.08.17"]
[EventRounds "9"]
[EventCountry "CZE"]

1. e4 e5 2. Nf3 Nc6 3. Bb5 a6 4. Ba4 Nf6 5. O-O Be7 6. d3 b5 7. Bb3 d6 8. a4 Bd7
9. c3 O-O 10. Bc2 h6 11. Nbd2 Re8 12. Re1 Bf8 13. Nf1 b4 14. a5 Rb8 15. Ne3 Ne7 16.
d4 Ng6 17. d5 c6 18. c4 Qc7 19. Nd2 Rec8 20. b3 Nf4 21. g3 Nh3+ 22. Kg2 g6 23. dxc6
Qxc6 24. Nd5 Nh5 25. Nf1 Ng5 26. f4 Bh3+ 27. Kh1 Ne6 28. f5 Nd4 29. Nfe3 Kh8 30.
g4 Nxc2 31. Nxc2 gxf5 32. gxf5  1-0

[Event "Olomouc Chess Summer 2025 - B1"]
[Site "Olomouc (CZE), Hotel Flora"]
[Date "2025.08.20"]
[Round "5"]
[Board "2"]
[White "Winter, Ondrej"]
[Black "Manko, Mariia"]
[Result "1-0"]
[WhiteElo "2274"]
[BlackElo "2332"]
[PlyCount "0"]
[EventDate "2025.08.17"]
[EventRounds "9"]
[EventCountry "CZE"]

1. e4 c5 2. Nf3 Nc6 3. Bb5 g6 4. Bxc6 bxc6 5. O-O Bg7 6. Re1 Qc7 7. d3 e5 8. c3 d6
9. d4 cxd4 10. cxd4 exd4 11. Nxd4 Ne7 12. Nc3 O-O 13. Bf4 Qb6 14. Nb3 Rd8 15. Bg5
Qc7 16. Rc1 Qd7 17. Qd2 Bb7 18. Rcd1 f6 19. Nc5 Qc8 20. Nxb7 Qxb7 21. Be3 a5 22.
b3 Qb4 23. Na4 c5 24. Bf4 Ra6 25. Qe2 Rc6 26. Nb2 d5 27. exd5 Nxd5 28. Bd2 Qa3 29.
Nc4 Qxa2 30. Bxa5 Qxe2 31. Rxe2 Rd7 32. Red2 Re6 33. Rxd5  1-0

[Event "Olomouc Chess Summer 2025 - B1"]
[Site "Olomouc (CZE), Hotel Flora"]
[Date "2025.08.20"]
[Round "5"]
[Board "3"]
[White "Sochorova, Petra"]
[Black "Dziewonski, Dariusz"]
[Result "1/2-1/2"]
[WhiteElo "2076"]
[BlackElo "2256"]
[PlyCount "0"]
[EventDate "2025.08.17"]
[EventRounds "9"]
[EventCountry "CZE"]

1. e4 c5 2. Nf3 Nc6 3. c3 Nf6 4. e5 Nd5 5. d4 cxd4 6. Bc4 Nb6 7. Bb3 d5 8. exd6 Qxd6
9. O-O Be6 10. Na3 dxc3 11. Qe2 Bxb3 12. Nb5 Qb8 13. axb3 a6 14. Nxc3 e6 15. Be3
Nd7 16. Rfd1 Be7 17. Na4 b5 18. Rac1 bxa4 19. Rxc6 Qb5 20. Qc2 axb3 21. Rc8+ Bd8
22. Qc3 Qb7 23. Qxg7 Rxc8 24. Qxh8+ Nf8 25. Ng5 Bxg5 26. Bxg5 a5 27. h4 a4 28. Qf6
Qc7 29. Qd4 Qd7 30. Qg4 Qb5 31. Qd4 Qd7 32. Qg4 Qb5 33. Qd4  1/2-1/2

[Event "Olomouc Chess Summer 2025 - B1"]
[Site "Olomouc (CZE), Hotel Flora"]
[Date "2025.08.20"]
[Round "5"]
[Board "4"]
[White "Camarena Jimenez, Rufino"]
[Black "Biolek, Richard Jr."]
[Result "1/2-1/2"]
[WhiteElo "2290"]
[BlackElo "2397"]
[PlyCount "0"]
[EventDate "2025.08.17"]
[EventRounds "9"]
[EventCountry "CZE"]

1. d4 Nf6 2. c4 g6 3. Nc3 Bg7 4. e4 d6 5. Nf3 O-O 6. Be2 e5 7. d5 a5 8. Bg5 h6 9.
Be3 Na6 10. Nd2 Nd7 11. a3 f5 12. f3 fxe4 13. Ncxe4 Nac5 14. b4 Nxe4 15. Nxe4 Nf6
16. O-O Nxe4  1/2-1/2

[Event "Olomouc Chess Summer 2025 - B1"]
[Site "Olomouc (CZE), Hotel Flora"]
[Date "2025.08.20"]
[Round "5"]
[Board "5"]
[White "Plischki, Sebastian"]
[Black "Wiley, Tom E"]
[Result "1-0"]
[WhiteElo "2269"]
[BlackElo "2112"]
[PlyCount "0"]
[EventDate "2025.08.17"]
[EventRounds "9"]
[EventCountry "CZE"]

1. d4 d5 2. Nf3 Nf6 3. c4 e6 4. Nc3 c5 5. cxd5 Nxd5 6. e4 Nxc3 7. bxc3 cxd4 8. cxd4
Bb4+ 9. Bd2 Bxd2+ 10. Qxd2 O-O 11. Bc4 Nd7 12. O-O b6 13. Rad1 Bb7 14. Rfe1 Rc8 15.
Bd3 h6 16. h3 Re8 17. Re3 Qe7 18. d5 Qc5 19. Nh4 Qe7 20. Bb5 Red8 21. dxe6 Ne5 22.
Nf5 Qxe6 23. Qxd8+ Rxd8 24. Rxd8+ Kh7 25. Re8 Qxa2 26. Nd6 Ba6 27. Bxa6 Qxa6 28.
Kh2 Nc4 29. Nxc4 Qxc4 30. Re7 a5 31. Rf3 Kg6 32. e5 a4 33. Rg3+ Kh7 34. e6 fxe6 35.
Rexg7+ Kh8 36. Rg8+  1-0

[Event "Olomouc Chess Summer 2025 - B1"]
[Site "Olomouc (CZE), Hotel Flora"]
[Date "2025.08.21"]
[Round "6"]
[Board "1"]
[White "Cherniack, Alex"]
[Black "Wiley, Tom E"]
[Result "1/2-1/2"]
[WhiteElo "2175"]
[BlackElo "2112"]
[PlyCount "0"]
[EventDate "2025.08.17"]
[EventRounds "9"]
[EventCountry "CZE"]

1. d4 d5 2. c4 e6 3. Nc3 Nf6 4. Bg5 Be7 5. e3 h6 6. Bh4 O-O 7. Nf3 Ne4 8. Bxe7 Qxe7
9. Rc1 c6 10. Bd3 Nxc3 11. Rxc3 Nd7 12. cxd5  1/2-1/2

[Event "Olomouc Chess Summer 2025 - B1"]
[Site "Olomouc (CZE), Hotel Flora"]
[Date "2025.08.21"]
[Round "6"]
[Board "3"]
[White "Dziewonski, Dariusz"]
[Black "Camarena Jimenez, Rufino"]
[Result "1/2-1/2"]
[WhiteElo "2256"]
[BlackElo "2290"]
[PlyCount "0"]
[EventDate "2025.08.17"]
[EventRounds "9"]
[EventCountry "CZE"]

1. e4 e6 2. d4 d5 3. Nd2 Nf6 4. e5 Nfd7 5. c3 c5 6. Bd3 Nc6 7. Ne2 cxd4 8. cxd4 f6
9. exf6 Nxf6 10. Nf3 Qc7 11. O-O Bd6 12. g3 O-O 13. Bf4 Ne4 14. Qc1 Bxf4 15. Nxf4
g5 16. Bxe4 gxf4 17. Bd3 Qg7 18. Qd2 Bd7 19. Kh1 Kh8 20. Be2 Be8 21. Rad1 Bg6 22.
Nh4 f3 23. Bb5 Be4 24. Rfe1 e5 25. dxe5 Nxe5 26. Rc1 a6 27. Bf1 Rac8 28. Kg1 Nc6
29. Bd3 Qd4 30. Rcd1 Ne5 31. Bxe4 Qxd2 32. Rxd2 dxe4 33. h3 Nc4 34. Rc2 Nd6 35. Rxc8
Rxc8 36. g4 Rc2 37. Rd1 Nc4 38. Rd8+ Kg7 39. Nf5+ Kf6 40. Rc8 e3 41. Rf8+ Ke5 42.
Re8+ Kf4 43. fxe3+ Kg5 44. Rg8+ Kf6 45. Rf8+ Kg6 46. Nh4+ Kg7 47. Rxf3 Rxb2 48. Nf5+
Kg6 49. Rf2 b5 50. Ne7+ Kg5 51. Rxb2 Nxb2 52. Nd5 a5 53. Kf1 Kh4 54. Ke2 Kxh3 55.
Kf3 b4 56. e4 Nd3 57. Nf4+ Nxf4 58. Kxf4 a4 59. e5 b3 60. axb3  1/2-1/2

[Event "Olomouc Chess Summer 2025 - B1"]
[Site "Olomouc (CZE), Hotel Flora"]
[Date "2025.08.21"]
[Round "6"]
[Board "4"]
[White "Manko, Mariia"]
[Black "Sochorova, Petra"]
[Result "1/2-1/2"]
[WhiteElo "2332"]
[BlackElo "2076"]
[PlyCount "0"]
[EventDate "2025.08.17"]
[EventRounds "9"]
[EventCountry "CZE"]

1. d4 Nf6 2. c4 e6 3. g3 Bb4+ 4. Bd2 a5 5. Bg2 d6 6. Nf3 Nbd7 7. O-O e5 8. Bg5 exd4
9. Nxd4 h6 10. Bf4 Ne5 11. a3 Bc5 12. Nc3 Ng6 13. Bc1 O-O 14. Na4 Qe7 15. Nxc5 dxc5
16. Nb5 Be6 17. b3 a4 18. Nc3 Rfd8  1/2-1/2

[Event "Olomouc Chess Summer 2025 - B1"]
[Site "Olomouc (CZE), Hotel Flora"]
[Date "2025.08.21"]
[Round "6"]
[Board "5"]
[White "Delgerdalai, Bayarjavkhlan"]
[Black "Winter, Ondrej"]
[Result "1/2-1/2"]
[WhiteElo "2380"]
[BlackElo "2274"]
[PlyCount "0"]
[EventDate "2025.08.17"]
[EventRounds "9"]
[EventCountry "CZE"]

1. d4 Nf6 2. c4 c6 3. Nf3 d5 4. e3 Bf5 5. Nc3 e6 6. h3 h6 7. g4 Bh7 8. g5 hxg5 9.
Nxg5 Bf5 10. Bd3 Bxd3 11. Qxd3 Be7 12. Bd2 dxc4 13. Qxc4 Nd5 14. Nf3 Nd7 15. O-O-O
N7f6 16. Ne5 Nxc3 17. Bxc3 Qd5 18. Qa4 Ne4 19. Qc2 Bd6 20. b3 Nxc3 21. Qxc3 Qe4 22.
Nc4 Be7 23. Rhg1 Rh7 24. Rg4 Qf5 25. Rf4 Qd5 26. Rg1 g5 27. e4 Qd7 28. Ne5 Qc7 29.
Rf3 O-O-O 30. Kb1 f6 31. Ng4 Rf8 32. Rd1 Kb8 33. Qd3 Rhf7 34. Qc4 Qc8 35. Re3 Bd6
36. e5 fxe5 37. dxe5 Be7 38. Red3 Rf4 39. Qc2 Rd8 40. Rxd8 Bxd8 41. Qc5 Ka8 42. Qd6
Bb6 43. Qe7 a5 44. Qxg5 Qf8 45. Qg6 Qb4 46. Qc2 a4 47. Ne3 Bxe3 48. fxe3 Rf5 49.
Qb2 Qe4+ 50. Qc2 Rxe5 51. Qxe4  1/2-1/2

[Event "Olomouc Chess Summer 2025 - B1"]
[Site "Olomouc (CZE), Hotel Flora"]
[Date "2025.08.22"]
[Round "7"]
[Board "1"]
[White "Winter, Ondrej"]
[Black "Cherniack, Alex"]
[Result "1-0"]
[WhiteElo "2274"]
[BlackElo "2175"]
[PlyCount "0"]
[EventDate "2025.08.17"]
[EventRounds "9"]
[EventCountry "CZE"]

1. e4 e5 2. Nf3 Nc6 3. Bc4 Nf6 4. d3 Be7 5. O-O O-O 6. c3 d6 7. a4 Be6 8. Bxe6 fxe6
9. a5 a6 10. Nbd2 Rb8 11. Re1 h6 12. Nf1 Qe8 13. Ng3 Nh5 14. Qb3 Nd8 15. d4 exd4
16. cxd4 Nf4 17. Bd2 Qb5 18. Qxb5 axb5 19. a6 bxa6 20. Rxa6 Nd3 21. Rb1 c5 22. Ne2
Rb7 23. Nc1 Nxc1 24. Rxc1 c4 25. Bb4 Nf7 26. Re1 Rfb8 27. Kf1 Kf8 28. Re3 Rb6 29.
Ra1 R6b7 30. Ne1 Ke8 31. Nc2 Kd7 32. Ke2 Nd8 33. Rg3 Bf8 34. d5 g5 35. h4 gxh4 36.
Rg6 e5 37. Ne3 Nf7 38. Nf5 Be7 39. Rg7 Ke8 40. Rg8+ Kd7 41. Rxb8  1-0

[Event "Olomouc Chess Summer 2025 - B1"]
[Site "Olomouc (CZE), Hotel Flora"]
[Date "2025.08.22"]
[Round "7"]
[Board "2"]
[White "Sochorova, Petra"]
[Black "Delgerdalai, Bayarjavkhlan"]
[Result "0-1"]
[WhiteElo "2076"]
[BlackElo "2380"]
[PlyCount "0"]
[EventDate "2025.08.17"]
[EventRounds "9"]
[EventCountry "CZE"]

1. e4 c5 2. Nf3 e6 3. d4 cxd4 4. Nxd4 Nc6 5. Nc3 Nf6 6. Nxc6 bxc6 7. e5 Nd5 8. Ne4
Qc7 9. f4 Rb8 10. Bd3 Qb6 11. Qe2 Be7 12. c4 f5 13. Nd6+ Bxd6 14. exd6 Qb4+ 15. Bd2
Nxf4 16. Bxb4 Nxe2 17. Bc5 Nf4 18. O-O-O Ba6 19. b3 Ra8 20. Rhf1 Nxd3+ 21. Rxd3 O-O
22. Re3 f4 23. Re5 Bb7 24. Kc2 Rf6 25. Kd3 Raf8 26. Ke4 a6 27. Rf2 h6 28. Kf3 Kh7
29. Rfe2 g5 30. h4 gxh4 31. Rh5 Rg6 32. Rxh4 Rg5 33. b4 Rg3+ 34. Ke4 f3 35. gxf3
Rfxf3 36. Reh2 Rf6 37. Rh5 Kg7 38. R5h4 Rfg6 39. Bd4+ Kh7 40. Bc5 Rc3 41. Kd4 Rf3
42. Ke4 Rf5 43. R2h3 a5 44. Ra3 axb4 45. Ra7 Rxc5 46. Kd4 Rf5 47. Rxb7 c5+ 48. Ke4
Rg7 49. Rc7 h5 50. Ke3 Kg6 51. Rc8 Kg5 52. Rh1 Kf6 53. Rf8+ Ke5 54. Rxf5+ exf5 55.
Kf3 Kxd6 56. Rxh5 Rg4  0-1

[Event "Olomouc Chess Summer 2025 - B1"]
[Site "Olomouc (CZE), Hotel Flora"]
[Date "2025.08.22"]
[Round "7"]
[Board "3"]
[White "Camarena Jimenez, Rufino"]
[Black "Manko, Mariia"]
[Result "1-0"]
[WhiteElo "2290"]
[BlackElo "2332"]
[PlyCount "0"]
[EventDate "2025.08.17"]
[EventRounds "9"]
[EventCountry "CZE"]

1. d4 Nf6 2. c4 c5 3. d5 b5 4. cxb5 a6 5. b6 e6 6. Nc3 exd5 7. Nxd5 Nxd5 8. Qxd5
Nc6 9. Nf3 Rb8 10. e4 Be7 11. Bc4 O-O 12. Bd2 Rxb6 13. Bc3 Bb7 14. Qd3 Nb4 15. Bxb4
Rxb4 16. b3 Bf6 17. Rd1 Bxe4 18. Qxd7 Bc3+ 19. Kf1 Qf6 20. h4 Bxf3 21. gxf3 Rbb8
22. Kg2 Bd4 23. Qg4 h6 24. h5 a5 25. Rhe1 a4 26. Re2 axb3 27. axb3 Kh8 28. Rde1 Bc3
29. Rd1 Bd4 30. Rde1 Bc3 31. Rd1 Rbd8 32. Rd7 Rxd7 33. Qxd7 g6 34. Re8 Rxe8 35. Qxe8+
Kg7 36. hxg6 Qxg6+ 37. Kf1 h5 38. Qe4 Qg5 39. f4 Qg6  1-0

[Event "Olomouc Chess Summer 2025 - B1"]
[Site "Olomouc (CZE), Hotel Flora"]
[Date "2025.08.22"]
[Round "7"]
[Board "4"]
[White "Plischki, Sebastian"]
[Black "Dziewonski, Dariusz"]
[Result "1/2-1/2"]
[WhiteElo "2269"]
[BlackElo "2256"]
[PlyCount "0"]
[EventDate "2025.08.17"]
[EventRounds "9"]
[EventCountry "CZE"]

1. c4 e6 2. g3 d5 3. Bg2 Nf6 4. Nf3 Be7 5. O-O O-O 6. d3 b6 7. Nc3 Bb7 8. cxd5 Nxd5
9. e4 Nb4 10. d4 c5 11. a3 cxd4 12. Nxd4 N4c6 13. e5 Qc8 14. Qf3 Rd8 15. Be3 Rd7
16. Nxc6 Nxc6 17. Qf4 Qb8 18. Rfd1 Nxe5 19. Rxd7 Nxd7 20. Qxb8+ Rxb8 21. Bf4 e5 22.
Rd1 Bc8 23. Be3 Nf6 24. Nb5 a6 25. Na7 Bg4 26. Rc1 Bc5 27. Bxc5 bxc5 28. h3 Be6 29.
Rxc5 Rxb2 30. Rxe5 Rb1+ 31. Kh2 Rb2 32. Kg1 Rb1+  1/2-1/2

[Event "Olomouc Chess Summer 2025 - B1"]
[Site "Olomouc (CZE), Hotel Flora"]
[Date "2025.08.22"]
[Round "7"]
[Board "5"]
[White "Wiley, Tom E"]
[Black "Biolek, Richard Jr."]
[Result "0-1"]
[WhiteElo "2112"]
[BlackElo "2397"]
[PlyCount "0"]
[EventDate "2025.08.17"]
[EventRounds "9"]
[EventCountry "CZE"]

1. c4 Nf6 2. Nc3 c5 3. g3 g6 4. Bg2 Bg7 5. e3 O-O 6. Nge2 d6 7. O-O Nbd7 8. d3 Rb8
9. a3 b6 10. b4 Bb7 11. Bxb7 Rxb7 12. b5 d5 13. cxd5 Nxd5 14. d4 Nxc3 15. Nxc3 cxd4
16. exd4 Nf6 17. Be3 Nd5 18. Ne2 Rd7 19. Qb3 Nxe3 20. fxe3 e5 21. dxe5 Rd3 22. Qc4
Bxe5 23. Nf4 Rc3 24. Qa2 Bxf4 25. exf4 Qd3 26. Rf2 Qxb5 27. f5 Qb3 28. Qd2 Rf3 29.
Raf1 Rxf2 30. Rxf2 Qxa3 31. f6 Rc8 32. Kg2 Qc5 33. Qh6 Qf8 34. Qe3 h5 35. Ra2 Qc5
 0-1

[Event "Olomouc Chess Summer 2025 - B1"]
[Site "Olomouc (CZE), Hotel Flora"]
[Date "2025.08.23"]
[Round "8"]
[Board "1"]
[White "Cherniack, Alex"]
[Black "Biolek, Richard Jr."]
[Result "1/2-1/2"]
[WhiteElo "2175"]
[BlackElo "2397"]
[PlyCount "0"]
[EventDate "2025.08.17"]
[EventRounds "9"]
[EventCountry "CZE"]

1. e4 c5 2. Nf3 Nc6 3. d4 cxd4 4. Nxd4 Nf6 5. Nc3 e6 6. a3 d6 7. Be2 Be7 8. O-O O-O
9. Be3 a6 10. f4 Qc7 11. Qe1 Na5 12. Rd1 Nc4 13. Bxc4 Qxc4 14. e5 Nd5 15. Nxd5 exd5
16. Qg3 Kh8 17. f5 dxe5 18. Qxe5 Bf6 19. Qg3 Bd7 20. c3 Rfe8 21. Bg5 Bxg5 22. Qxg5
f6 23. Qg3 Re4 24. Qd6 Bc6 25. Rf3 Rae8 26. h3 a5 27. Kh2 a4  1/2-1/2

[Event "Olomouc Chess Summer 2025 - B1"]
[Site "Olomouc (CZE), Hotel Flora"]
[Date "2025.08.23"]
[Round "8"]
[Board "2"]
[White "Dziewonski, Dariusz"]
[Black "Wiley, Tom E"]
[Result "1-0"]
[WhiteElo "2256"]
[BlackElo "2112"]
[PlyCount "0"]
[EventDate "2025.08.17"]
[EventRounds "9"]
[EventCountry "CZE"]

1. e4 e6 2. d4 d5 3. e5 c5 4. c3 Nc6 5. Nf3 Nh6 6. Bxh6 gxh6 7. Bb5 Qb6 8. Qe2 a6
9. Bxc6+ bxc6 10. O-O a5 11. Qc2 Ba6 12. Rc1 Rb8 13. Nbd2 Be2 14. b3 cxd4 15. cxd4
Ba3 16. Re1 Bb5 17. Qc3 Qa6 18. Qe3 Bd3 19. Qxh6 Bb2 20. Rad1 Bc2 21. Ng5 Bxd1 22.
Qf6 Kd7 23. Qxf7+ Kc8 24. Nxe6 Qb6 25. Nc5 Qd8 26. Qf5+  1-0

[Event "Olomouc Chess Summer 2025 - B1"]
[Site "Olomouc (CZE), Hotel Flora"]
[Date "2025.08.23"]
[Round "8"]
[Board "3"]
[White "Manko, Mariia"]
[Black "Plischki, Sebastian"]
[Result "1-0"]
[WhiteElo "2332"]
[BlackElo "2269"]
[PlyCount "0"]
[EventDate "2025.08.17"]
[EventRounds "9"]
[EventCountry "CZE"]

1. d4 Nf6 2. c4 e6 3. Nf3 c5 4. d5 d6 5. Nc3 exd5 6. cxd5 g6 7. e4 a6 8. Be2 b5 9.
e5 dxe5 10. Nxe5 Bd6 11. Nc6 Nxc6 12. dxc6 O-O 13. Bg5 Be7 14. Qxd8 Rxd8 15. Bf3
Ra7 16. O-O Be6 17. Rad1 Rxd1 18. Rxd1 Kf8 19. Bf4 b4 20. Bb8 bxc3 21. Bxa7 cxb2
22. Rb1 c4 23. Rxb2 Bd6 24. Bd4 Nd5 25. Bxd5 Bxd5 26. Bf6 c3 27. Bxc3 Ke7 28. Rb7+
Ke6 29. Rb6 Bc5 30. Rxa6 Kd6 31. Bg7 Bc4 32. Bf8+ Kc7 33. Ra4 Bb5 34. Ra5  1-0

[Event "Olomouc Chess Summer 2025 - B1"]
[Site "Olomouc (CZE), Hotel Flora"]
[Date "2025.08.23"]
[Round "8"]
[Board "4"]
[White "Delgerdalai, Bayarjavkhlan"]
[Black "Camarena Jimenez, Rufino"]
[Result "1/2-1/2"]
[WhiteElo "2380"]
[BlackElo "2290"]
[PlyCount "0"]
[EventDate "2025.08.17"]
[EventRounds "9"]
[EventCountry "CZE"]

1. e4 e6 2. d4 d5 3. e5 c5 4. c3 Nc6 5. Nf3 Bd7 6. Be2 Qb6 7. O-O cxd4 8. cxd4 Nh6
9. Bxh6 gxh6 10. Qd2 Bg7 11. Na3 Qb4 12. Qe3 O-O 13. Rab1 f6 14. exf6 Rxf6 15. Nc2
Qb6 16. b4 Ne7 17. Qd2 Ng6 18. g3 Raf8 19. Kg2 h5 20. h4 Bh6 21. Ng5 e5 22. Bxh5
e4 23. f4 exf3+ 24. Bxf3 Qd6 25. Rb3 Ne7 26. Re3 Rf5 27. Ree1 Qf6 28. Be2 Rf2+ 29.
Kg1 Bh3 30. Qd3 Bxg5 31. hxg5 Qf7 32. Ne3 Bxf1 33. Nxf1 Rf5 34. Bg4 Rxf1+ 35. Rxf1
Qxf1+ 36. Qxf1 Rxf1+ 37. Kxf1 Kg7 38. Bf3 Kg6 39. Ke2 Kxg5 40. Kd3 h6 41. a3 Kf5
 1/2-1/2

[Event "Olomouc Chess Summer 2025 - B1"]
[Site "Olomouc (CZE), Hotel Flora"]
[Date "2025.08.23"]
[Round "8"]
[Board "5"]
[White "Winter, Ondrej"]
[Black "Sochorova, Petra"]
[Result "1/2-1/2"]
[WhiteElo "2274"]
[BlackElo "2076"]
[PlyCount "0"]
[EventDate "2025.08.17"]
[EventRounds "9"]
[EventCountry "CZE"]

1. e4 e6 2. d4 d5 3. Nd2 c5 4. exd5 exd5 5. Ngf3 Nc6 6. Bb5 Qe7+ 7. Be2 Qc7 8. O-O
Nf6 9. dxc5 Bxc5 10. Nb3 Be7 11. Bg5 O-O 12. c3 Re8 13. Bh4 Ne4 14. Bxe7 Nxe7 15.
Re1 Ng6 16. g3 Bh3 17. Qc1 h5 18. Ng5 Nxg5 19. Qxg5 Re5 20. Qd2 h4 21. Nd4 hxg3 22.
hxg3 Qd7 23. f4 Re7 24. Kh2 Bf5 25. Nxf5 Qxf5 26. Kg2 Rae8 27. Bf3 Qd7 28. Rxe7 Qxe7
29. Rd1 Rd8 30. Qd4 a6 31. Rh1 Qe6 32. Kf2 Re8 33. Qd3 d4 34. Qxd4 Qxa2 35. Qd2 Qb3
36. Rd1 Qb6+ 37. Kg2 Qb5 38. Kh1 Qf5 39. Kh2 Ne5 40. Be2 Ng4+ 41. Bxg4 Qxg4 42. Re1
Qh5+ 43. Kg2 Rxe1 44. Qxe1 Qd5+ 45. Kf2 Qb5 46. Qd2 Qb6+ 47. Kf3 Qc6+ 48. Ke3 Qe6+
49. Kf2 Qb6+ 50. Ke2 Qb5+ 51. Ke1 Qb6 52. Qg2 Kf8 53. Kd1 a5 54. Kc2 Qg6+ 55. Kc1
Qb6 56. Qd5 g6 57. Qd3 Qg1+ 58. Kc2 Qb6 59. Kb1 Kg7 60. Ka2 Qc5 61. c4 b6 62. Qc3+
Kg8 63. Qd3 Qf2 64. Qc3 Qc5 65. Qd3 Qf2 66. Kb3 Qc5 67. g4 Qb4+ 68. Ka2 Qa4+ 69.
Kb1 Qb4 70. Qd8+ Kg7 71. Qd4+ Kg8 72. f5 gxf5 73. gxf5 b5 74. Qd8+ Kg7 75. Qg5+ Kf8
76. Qh6+ Ke7 77. Qh4+ Kd7 78. Qd4+ Qd6 79. Qa7+ Qc7 80. Qd4+  1/2-1/2

[Event "Olomouc Chess Summer 2025 - B1"]
[Site "Olomouc (CZE), Hotel Flora"]
[Date "2025.08.24"]
[Round "9"]
[Board "1"]
[White "Sochorova, Petra"]
[Black "Cherniack, Alex"]
[Result "1-0"]
[WhiteElo "2076"]
[BlackElo "2175"]
[PlyCount "0"]
[EventDate "2025.08.17"]
[EventRounds "9"]
[EventCountry "CZE"]

1. e4 e5 2. d4 exd4 3. Bc4 Nc6 4. Nf3 Nf6 5. O-O Be7 6. Re1 Nxe4 7. Rxe4 d5 8. Rxe7+
Nxe7 9. Be2 c5 10. b4 d3 11. Qxd3 cxb4 12. Bb2 f6 13. Qb5+ Nc6 14. c4 dxc4 15. Qxc4
Qe7 16. Nd4 Nxd4 17. Bxd4 Be6 18. Qb5+ Bd7 19. Qh5+ Qf7 20. Qh4 O-O 21. Nd2 Rfc8
22. Bd3 h6 23. Ne4 Rc6 24. Qg3 Rac8 25. h3 Qe7 26. Re1 Kh8 27. Re3 Re6 28. Qf4 b6
29. Rg3 Rf8 30. h4 f5 31. Rxg7  1-0

[Event "Olomouc Chess Summer 2025 - B1"]
[Site "Olomouc (CZE), Hotel Flora"]
[Date "2025.08.24"]
[Round "9"]
[Board "2"]
[White "Camarena Jimenez, Rufino"]
[Black "Winter, Ondrej"]
[Result "0-1"]
[WhiteElo "2290"]
[BlackElo "2274"]
[PlyCount "0"]
[EventDate "2025.08.17"]
[EventRounds "9"]
[EventCountry "CZE"]

1. d4 Nf6 2. c4 e6 3. Nf3 b6 4. a3 Bb7 5. Nc3 d6 6. d5 e5 7. g3 Nbd7 8. Bg2 a5 9.
Rb1 g6 10. b4 Bg7 11. O-O O-O 12. e4 c6 13. Re1 Qb8 14. Bh3 Rd8 15. Qd3 axb4 16.
axb4 b5 17. dxc6 Bxc6 18. cxb5 Bb7 19. Be3 Ra3 20. Nd2 d5 21. exd5 Nxd5 22. Rb3 Rxb3
23. Nxb3 e4 24. Nxe4 Ne5 25. Qe2 Nxe3 26. Ng5 h6 27. f4 Nd3 28. Nxf7 Kxf7 29. Qxe3
Nxe1 30. Qxe1 Qd6 31. Qe3 Bd4  0-1

[Event "Olomouc Chess Summer 2025 - B1"]
[Site "Olomouc (CZE), Hotel Flora"]
[Date "2025.08.24"]
[Round "9"]
[Board "3"]
[White "Plischki, Sebastian"]
[Black "Delgerdalai, Bayarjavkhlan"]
[Result "1/2-1/2"]
[WhiteElo "2269"]
[BlackElo "2380"]
[PlyCount "0"]
[EventDate "2025.08.17"]
[EventRounds "9"]
[EventCountry "CZE"]

1. d4 d5 2. Nf3 Nf6 3. c4 e6 4. cxd5 exd5 5. Qc2 Bd6 6. Nc3 c6 7. Bg5 Be6 8. e3 Nbd7
9. Bd3 h6 10. Bf4 Qb8 11. Bxd6 Qxd6 12. O-O a5 13. Rfe1 O-O 14. h3 Rfe8 15. Rac1
Rac8 16. a3 Ra8 17. Na4 Ne4 18. Bxe4 dxe4 19. Nd2 Bd5 20. Nc5 Nxc5 21. Qxc5 Qxc5
22. Rxc5 f6 23. f3 exf3 24. gxf3 Kf7 25. Kf2 Ra6 26. b3 Rd8 27. h4 Ra7 28. e4 b6
29. Rc3 Be6 30. Ke3 Rad7 31. Rd3 f5 32. Nc4 Bxc4 33. bxc4 f4+ 34. Kxf4 Rxd4 35. Rxd4
Rxd4 36. Rb1 Rxc4 37. Rxb6 Rc3 38. h5 Rxa3 39. Rxc6 a4 40. Ra6  1/2-1/2

[Event "Olomouc Chess Summer 2025 - B1"]
[Site "Olomouc (CZE), Hotel Flora"]
[Date "2025.08.24"]
[Round "9"]
[Board "4"]
[White "Wiley, Tom E"]
[Black "Manko, Mariia"]
[Result "0-1"]
[WhiteElo "2112"]
[BlackElo "2332"]
[PlyCount "0"]
[EventDate "2025.08.17"]
[EventRounds "9"]
[EventCountry "CZE"]

1. d4 Nf6 2. Bg5 d6 3. Bxf6 exf6 4. e3 h5 5. h4 g6 6. g3 Bh6 7. Bg2 f5 8. Ne2 Nd7
9. c4 c6 10. Nbc3 O-O 11. O-O Nf6 12. b4 Ng4 13. Nf4 g5 14. hxg5 Qxg5 15. Qf3 Bd7
16. Rab1 Rac8 17. c5 d5 18. b5 Rc7 19. Rb2 Kh8 20. bxc6 bxc6 21. Rfb1 Bc8 22. Rb8
h4 23. Nh3 Qe7 24. gxh4 Qxh4 25. Ne2 Rg8 26. Ra8 f4 27. Nexf4 Nf6 28. Rbb8 Kh7 29.
Kf1 Bg4 30. Qg3 Be2+ 31. Nxe2 Rxg3 32. Nxg3 Bg7 33. Nf4 Ng4 34. Ke2 Re7 35. Rb1 Rxe3+
36. fxe3 Qxg3 37. Re8 Qf2+ 38. Kd3 Qxa2 39. Reb8 Qf2 40. Re8 Qa2 41. Reb8 Nf2+ 42.
Kc3 Qc4+ 43. Kd2 Bxd4 44. exd4 Qxd4+ 45. Ke2 Qxf4  0-1